| 000 | 00439nam a22001697a 4500 | ||
|---|---|---|---|
| 003 | NUST - PNEC | ||
| 005 | 20170116181147.0 | ||
| 008 | 151013b xxu||||| |||| 00| 0 eng d | ||
| 020 | _a- | ||
| 040 | _cLIBRARY | ||
| 082 | _a923.2 AZI | ||
| 100 |
_915082 _aAziz Qutubuddin |
||
| 245 |
_aQuiad -e-Azam Jinnah and the battle for pakistan _c Qutubuddin Aziz |
||
| 260 | _cc1997. | ||
| 650 |
_915086 _aPakistan _xGeneral |
||
| 942 |
_2ddc _cBK |
||
| 999 |
_c70754 _d70754 |
||